Globalization and the skilled city (Record no. 509585)

000 -LEADER
fixed length control field 00375nam a22001457a 4500
008 - FIXED-LENGTH DATA ELEMENTS--GENERAL INFORMATION
fixed length control field 190515b ||||| |||| 00| 0 eng d
100 ## - MAIN ENTRY--PERSONAL NAME
Personal name Potlogea, Andrei V.
245 ## - TITLE STATEMENT
Title Globalization and the skilled city
260 ## - PUBLICATION, DISTRIBUTION, ETC. (IMPRINT)
Date of publication, distribution, etc 2018
300 ## - PHYSICAL DESCRIPTION
Extent p.1-30.
650 ## - SUBJECT ADDED ENTRY--TOPICAL TERM
Topical term or geographic name as entry element Urbanisation
9 (RLIN) 4604
773 ## - HOST ITEM ENTRY
Main entry heading Journal of Urban Economics
906 ## - LOCAL DATA ELEMENT F, LDF (RLIN)
Subject DIP Globalisation
942 ## - ADDED ENTRY ELEMENTS (KOHA)
Item type Articles
Holdings
Withdrawn status Lost status Source of classification or shelving scheme Damaged status Not for loan Permanent location Current location Date acquired Serial Enumeration / chronology Barcode Date last seen Koha item type
          Indian Institute of Public Administration Indian Institute of Public Administration 2019-05-15 107, Sep, 2018: p.1-30. AR119734 2019-05-15 Articles

Powered by Koha